| 000 | 00470nam a2200181Ia 4500 | ||
|---|---|---|---|
| 003 | GCL | ||
| 008 | 140319s9999 xx 000 0 eng d | ||
| 040 |
_aGCL / _cGCL |
||
| 082 | 0 | 4 |
_a751.426 _bB C |
| 100 | 1 | _aBLAKE, WENDON | |
| 245 | 1 | 0 |
_aTHE COMPLETE ACRYLIC PAINTING BOOK / _cBLAKE, WENDON |
| 260 |
_a[S.N] : _bNORTH LIGHT BOOKS ، _c1989 |
||
| 300 | _a152 PP | ||
| 650 | 0 | 4 | _aARTS |
| 650 | 0 | 4 | _aPAINTING |
| 650 | 0 | 4 | _aACRYLIC PAINTING TECHNIQUE |
| 942 |
_2ddc _cBK |
||
| 999 |
_c18926 _d18926 |
||